| 000 | 03499cam a2200313 i 4500 | ||
|---|---|---|---|
| 001 | 991107568585906196 | ||
| 005 | 20260227102158.0 | ||
| 008 | 241204s2025 njua b 001 0 eng c | ||
| 010 | _a 2024057376 | ||
| 020 |
_a9781394240340 _q(paperback) |
||
| 035 | _a(OCoLC)1482463026 | ||
| 035 | _a(OCoLC)on1482463026 | ||
| 040 |
_aWaSeSS/DLC _beng _erda _cDLC _dIG# _dOCLCO _dOCLCL _dIE@ _dLGG |
||
| 041 | _aEnglish | ||
| 042 | _apcc | ||
| 050 | 0 | 0 |
_aP90 _b.O88 2026 |
| 100 |
_aOtt, Brian L., _eauthor. _1https://id.oclc.org/worldcat/entity/E39PCjDgxBG6vXCKwkRtmVTv9C _926734 |
||
| 245 | 1 | 0 |
_aCritical media studies _b: an introduction for the digital age _c/ Brian L. Ott and Robert L. Mack. |
| 250 | _aFourth edition. | ||
| 264 | 1 |
_aHoboken, New Jersey : _bWiley-Blackwell, _c[2026] |
|
| 300 |
_ax, 480 pages : _billustrations ; _c26 cm |
||
| 504 | _aIncludes bibliographical references and index. | ||
| 505 | _aIntroducing Critical Media Studies — Part I Media Technologies: An Ecological Perspective — Ecological Analysis — Part II Media Industries: Marxist, Organizational, and Pragmatic Perspectives — Marxist Analysis — Organizational Analysis — Pragmatic Analysis — Part III Media Messages: Rhetorical, Cultural, Psychoanalytic, Feminist, and Queer Perspectives — Rhetorical Analysis — Cultural Analysis — Psychoanalytic Analysis — Feminist Analysis — Queer Analysis — Part IV Media Audiences: Reception, Sociological, and Erotic Perspectives — Reception Analysis — Sociological Analysis — Erotic Analysis — Conclusion: The Partial Pachyderm — Appendix: Sample Student Essays — Glossary — Index. | ||
| 520 |
_aCritical Media Studies: An Introduction for the Digital Age provides students with a powerful framework for analyzing the impact of media on knowledge, attitudes, and behaviors. In a world increasingly shaped by digital technologies and personalized information feeds, this leading textbook supplies the theoretical tools and knowledge to understand how media influence individuals and society.
With an interdisciplinary approach, Brian L. Ott and Robert L. Mack explore media’s role as a powerful socializing force, addressing the key areas of media technologies, industries, messages, and audiences. Each section delves into distinct critical perspectives, such as Marxist, feminist, and queer analysis, alongside exclusive chapters on pragmatic and erotic approaches.
The fourth edition includes significant updates, including a detailed examination of the ecological impact of digital media and unique engagement with Byung-Chul Han’s philosophy. Throughout this edition, revised chapters incorporate contemporary examples, cutting-edge pedagogical features, timely discussion of global trends, and much more.
Ideal for both undergraduate and graduate students, Critical Media Studies is perfect for courses in Media Studies, Communication, and Digital Media programs. Whether in introductory or advanced classes, students will find the text invaluable for fostering critical thinking, media literacy, and informed citizenship. Covering both introductory and advanced topics, it is also a valuable reference for scholars, media professionals, and those in communication-related fields. _cProvided by publisher. |
||
| 650 | 0 |
_aMass media _95003 |
|
| 650 | 0 |
_aCommunication in education _99652 |
|
| 700 |
_aMack, Robert L., _d1985- _eauthor. _1https://id.oclc.org/worldcat/entity/E39PCjMHcXD4TyvG74VJxRbxcP |
||
| 942 | _2lcc | ||
| 999 |
_c5359 _d5359 |
||